000 00628nam a2200217Ia 4500
003 OSt
005 20220918173859.0
006 a|||||r|||| 00| 0
007 ta
008 220917b |||||||| |||| 00| 0 eng d
024 _a8,883
037 _cTextual
040 _aARTS
_cARTS
_beng
041 _2eng
_aeng
082 _a9041, L1
100 _aLindbeck John M H
_948059
245 0 _aUnderstanding china
_b an assesment of American scholarly resources (Praeger library of chinese affairs ed by Donald W Kelin
260 _c1972
942 _h9041, L1
_cTEXL
_2CC
999 _c150629
_d150629